El precio de la gracia / (Record no. 34521)
[ view plain ]
| 000 -LEADER | |
|---|---|
| campo de control de longitud fija | 00810nam a2200253 i 4500 |
| 001 - NÚMERO DE CONTROL | |
| campo de control | 34521 |
| 003 - IDENTIFICADOR DE NÚMERO DE CONTROL | |
| campo de control | ES-MaACL |
| 005 - FECHA Y HORA DE LA ÚLTIMA TRANSACCIÓN | |
| campo de control | 20251224063015.0 |
| 007 - CAMPO FIJO DE DESCRIPCIÓN FÍSICA--INFORMACIÓN GENERAL | |
| campo de control de longitud fija | t| |
| 008 - DATOS DE LONGITUD FIJA--INFORMACIÓN GENERAL | |
| campo de control de longitud fija | 030207s1968 sp ||||1| spa d |
| 100 1# - ENTRADA PRINCIPAL--NOMBRE DE PERSONA | |
| Nombre de persona | Bonhoeffer, Dietrich, |
| Fechas asociadas al nombre | 1906-1945 |
| 9 (RLIN) | 30163 |
| 245 13 - MENCIÓN DEL TÍTULO | |
| Título | El precio de la gracia / |
| Mención de responsabilidad, etc. | Dietrich Bonhoeffer ; [tradujo José L. Sicre]. |
| 260 ## - PUBLICACIÓN, DISTRIBUCIÓN, ETC. | |
| Lugar de publicación, distribución, etc. | Salamanca : |
| Nombre del editor, distribuidor, etc. | Sígueme, |
| Fecha de publicación, distribución, etc. | 1968. |
| 300 ## - DESCRIPCIÓN FÍSICA | |
| Extensión | 360 p. ; |
| Dimensiones | 19 cm. |
| 490 1# - MENCIÓN DE SERIE | |
| Mención de serie | Diálogo ; |
| Designación de volumen o secuencia | 5 |
| 490 1# - MENCIÓN DE SERIE | |
| Mención de serie | Colección "Diálogo" ; |
| Designación de volumen o secuencia | B-5 |
| 630 04 - PUNTO DE ACCESO ADICIONAL DE MATERIA--TÍTULO UNIFORME | |
| Título uniforme | Bienaventuranzas. |
| 9 (RLIN) | 165817 |
| 630 04 - PUNTO DE ACCESO ADICIONAL DE MATERIA--TÍTULO UNIFORME | |
| Título uniforme | Sermón de la montaña. |
| 9 (RLIN) | 165818 |
| 700 1# - ENTRADA AGREGADA--NOMBRE PERSONAL | |
| Nombre de persona | Sicre, José Luis. |
| 9 (RLIN) | 106198 |
| 830 0# - PUNTO DE ACCESO ADICIONAL DE SERIE-TÍTULO UNIFORME | |
| Título uniforme | Diálogo ; |
| Designación de volumen o secuencia | 5 |
| 9 (RLIN) | 180869 |
| 830 0# - PUNTO DE ACCESO ADICIONAL DE SERIE-TÍTULO UNIFORME | |
| Título uniforme | Colección "Diálogo" ; |
| Designación de volumen o secuencia | B-5 |
| 9 (RLIN) | 184185 |
| 852 ## - LOCALIZACIÓN | |
| Ubicación | ES-MaACL |
| Número de control de estantería | C-50286 |
| Sublocalización o colección | R.67738 |
| Estatus retirado | Estado de pérdida | Estado de daño | No para préstamo | Biblioteca de origen | Biblioteca actual | Ubicación en estantería | Fecha de adquisición | Fuente de adquisición | Total de préstamos | Signatura topográfica completa | Código de barras | Visto por última vez | Precio de reemplazo | Tipo de ítem Koha |
|---|---|---|---|---|---|---|---|---|---|---|---|---|---|---|
| Biblioteca del Ateneo de Madrid | Biblioteca del Ateneo de Madrid | Depósito 2 | 17/01/2008 | C-50286 | 1036007 | 23/02/2023 | 23/02/2023 | Libro impreso |
